000 00268nam a2200121Ia 4500
008 190216s9999||||xx |||||||||||||| ||und||
100 _aEmily Bronte
245 0 _aWuthering Heights
260 _bHeron Books
_c19
300 _a349p
650 _aSpeeches
942 _cBK
999 _c11962
_d11962